| 000 | 01398cam a2200385 a 4500 | ||
|---|---|---|---|
| 001 | 40802 | ||
| 005 | 20230410132853.0 | ||
| 008 | 950404s1994 nyua b 001 0 eng | ||
| 010 | _a 95136192 | ||
| 035 | _a(OCoLC)ocm30145676 | ||
| 040 |
_aDLC _cDLC _dOCL _dXY4 _dBAKER _dBTCTA |
||
| 020 | _a067188087X | ||
| 020 | _a9780671880873 | ||
| 029 | 1 |
_aNZ1 _b4752304 |
|
| 035 | _a(OCoLC)30145676 | ||
| 043 | _an-us--- | ||
| 050 | 1 | 4 |
_aB HV 7911 _bH789S 1994 |
| 082 | 0 | 0 |
_a353.0074/092 _aB _220 |
| 049 | _aGRAL | ||
| 100 | 1 | _aSummers, Anthony. | |
| 245 | 1 | 0 |
_aOfficial and confidential : _bthe secret life of J. Edgar Hoover / _cAnthony Summers. |
| 246 | 3 | 3 | _aSecret life of J. Edgar Hoover |
| 260 |
_aNew York : _bPocket Star Books, _cc1994. |
||
| 300 |
_a610 p. : _bill. ; _c17 cm. |
||
| 500 | _aOriginally published: New York : Putnam, c1993. With new afterword. | ||
| 504 | _aIncludes bibliographical references (p. 583-586) and index. | ||
| 600 | 1 | 0 |
_aHoover, J. Edgar _q(John Edgar), _d1895-1972. |
| 610 | 1 | 0 |
_aUnited States. _bFederal Bureau of Investigation _xOfficials and employees _vBiography. |
| 650 | 0 |
_aPolice _zUnited States _vBiography. |
|
| 650 | 0 |
_aGovernment executives _zUnited States _vBiography. |
|
| 938 |
_aBaker and Taylor _bBTCP _n95136192 |
||
| 938 |
_aBaker & Taylor _bBKTY _c6.99 _d5.59 _i067188087X _n0002299265 _sactive |
||
| 942 |
_2lcc _cbk |
||
| 994 |
_aC0 _bDRFGD |
||
| 999 |
_c89260 _d89260 |
||